Medical-surgical nursing : (Record no. 14611)

000 -LEADER
fixed length control field 04303cam a22004697a 4500
001 - CONTROL NUMBER
control field 16321686
003 - CONTROL NUMBER IDENTIFIER
control field OSt
005 - DATE AND TIME OF LATEST TRANSACTION
control field 20240523114505.0
007 - PHYSICAL DESCRIPTION FIXED FIELD--GENERAL INFORMATION
fixed length control field co uga||||||||
008 - FIXED-LENGTH DATA ELEMENTS--GENERAL INFORMATION
fixed length control field 100707s2011 moua b 001 0 eng
010 ## - LIBRARY OF CONGRESS CONTROL NUMBER
LC control number 2010028656
016 7# - NATIONAL BIBLIOGRAPHIC AGENCY CONTROL NUMBER
Record control number 101535151
Source DNLM
020 ## - INTERNATIONAL STANDARD BOOK NUMBER
International Standard Book Number 9780323065801 (single v. : hard cover : alk. paper)
020 ## - INTERNATIONAL STANDARD BOOK NUMBER
International Standard Book Number 0323065805 (single v. : hard cover : alk. paper)
020 ## - INTERNATIONAL STANDARD BOOK NUMBER
International Standard Book Number 9780323065818 (twov. set : hard cover : alk. paper)
020 ## - INTERNATIONAL STANDARD BOOK NUMBER
International Standard Book Number 0323065813 (twov. set : hard cover : alk. paper)
020 ## - INTERNATIONAL STANDARD BOOK NUMBER
International Standard Book Number 9996080900 (v.1)
020 ## - INTERNATIONAL STANDARD BOOK NUMBER
International Standard Book Number 9789996080906 (v.1)
020 ## - INTERNATIONAL STANDARD BOOK NUMBER
International Standard Book Number 9996080846 (v.2)
020 ## - INTERNATIONAL STANDARD BOOK NUMBER
International Standard Book Number 9789996080845 (v.2)
035 ## - SYSTEM CONTROL NUMBER
System control number (OCoLC)ocn646388497
040 ## - CATALOGING SOURCE
Original cataloging agency DNLM/DLC
Transcribing agency DLC
Modifying agency BTCTA
-- NLM
-- WAU
-- YDXCP
-- CDX
-- VAM
-- VET
-- DLC
050 00 - LIBRARY OF CONGRESS CALL NUMBER
Classification number RT41
Item number .M488 2011
082 00 - DEWEY DECIMAL CLASSIFICATION NUMBER
Classification number 617/.0231
Edition number 22
245 00 - TITLE STATEMENT
Title Medical-surgical nursing :
Remainder of title assessment and management of clinical problems /
Statement of responsibility, etc. Sharon L. Lewis ... [et al.].
250 ## - EDITION STATEMENT
Edition statement 8th ed.
260 ## - PUBLICATION, DISTRIBUTION, ETC. (IMPRINT)
Place of publication, distribution, etc. St. Louis, Mo. :
Name of publisher, distributor, etc. Elsevier/Mosby,
Date of publication, distribution, etc. c2011.
300 ## - PHYSICAL DESCRIPTION
Extent 2 v. :
Other physical details ill. (chiefly col.) ;
Dimensions 29 cm. +
Accompanying material 1 DVD-ROM (4 3/4 in.)
504 ## - BIBLIOGRAPHY, ETC. NOTE
Bibliography, etc Includes bibliographical references and index.
505 0# - FORMATTED CONTENTS NOTE
Formatted contents note V. 1 -- Contemporary nursing practice -- Health disparities and culturally competent care -- Health history and physical examination -- Patient and caregiver teaching -- Chronic illness and older adults -- Community-based nursing and home care -- Complementary and alternative therapies -- Stress and stress management -- Sleep and sleep disorders -- Pain -- Palliative care at end of life -- Addictive behaviors -- Inflammation and wound healing -- Genetics, altered immune responses, and transplantation -- Infection and human immunodeficiency virus infection -- Cancer -- Fluid, electrolyte, and acid-base imbalances -- Preoperative care -- Intraoperative care -- Postoperative care -- Visual and auditory systems -- Visual and auditory problems -- Integumentary system -- Burns -- Respiratory system -- Upper respiratory problems -- Lower respiratory problems -- Obstructive pulmonary diseases -- Hematologic system -- Hematologic problems -- Cardiovascular system -- Hypertension -- Coronary artery disease and acute coronary syndrome -- Heart failure -- Dysrhythmias -- Inflammatory and structural heart disorders -- Vascular disorders.
505 0# - FORMATTED CONTENTS NOTE
Formatted contents note V. 2 -- Gastrointestinal system -- Nutritional problems -- Obesity -- Upper gastrointestinal problems -- Lower gastrointestinal problems -- Liver, pancreas, and biliary tract problems -- Urinary system -- Renal and urologic problems -- Acute kidney injury and chronic kidney disease -- Endocrine system -- Diabetes mellitus -- Endocrine problems -- Reproductive system -- Breast disorders -- Sexually transmitted diseases -- Female reproductive problems -- Male reproductive problems -- Nervous system -- Acute intracranial problems -- Stroke -- Chronic neurologic problems -- Alzheimer's disease, dementia, and delirium -- Peripheral nerve and spinal cord problems -- Musculoskeletal system -- Musculoskeletal trauma and orthopedic surgery -- Musculoskeletal problems -- Arthritis and connective tissue diseases -- Critical care -- Shock, systemic inflammatory response syndrome, and multiple organ dysfunction syndrome -- Respiratory failure and acute respiratory distress syndrome -- Emergency, terrorism, and disaster nursing -- Appendixes A: Cardiopulmonary resuscitation and basic life support for health care providers -- Appendixes B: Nursing diagnoses -- Appendixes C: Laboratory references intervals.
538 ## - SYSTEM DETAILS NOTE
System details note System requirements: Windows XP SP2, Vista or 32-bit Windows 7 operating system. Intel Pentium 4 processor /1 GHz or greater; 65 MB available hard drive space; 512 MB RAM. MAC OS 10.4 x 10.6x operating system; Intel-based processor or Power PC G4/G5 (867 MHz or higher); 65 MB available hard drive space.
650 #0 - SUBJECT ADDED ENTRY--TOPICAL TERM
Topical term or geographic name as entry element Nursing.
650 #0 - SUBJECT ADDED ENTRY--TOPICAL TERM
Topical term or geographic name as entry element Surgical nursing.
650 12 - SUBJECT ADDED ENTRY--TOPICAL TERM
Topical term or geographic name as entry element Nursing Care.
650 22 - SUBJECT ADDED ENTRY--TOPICAL TERM
Topical term or geographic name as entry element Nursing Assessment.
650 22 - SUBJECT ADDED ENTRY--TOPICAL TERM
Topical term or geographic name as entry element Perioperative Nursing.
700 1# - ADDED ENTRY--PERSONAL NAME
Personal name Lewis, Sharon Mantik.
906 ## - LOCAL DATA ELEMENT F, LDF (RLIN)
a 7
b cbc
c orignew
d 1
e ecip
f 20
g y-gencatlg
942 ## - ADDED ENTRY ELEMENTS (KOHA)
Source of classification or shelving scheme
Koha item type Hard Covered Materials
Classification part RT 41 .M488 2011
Holdings
Withdrawn status Lost status Source of classification or shelving scheme Damaged status Not for loan Home library Current library Shelving location Date acquired Source of acquisition Total Checkouts Full call number Barcode Date last seen Price effective from Koha item type
          MACHAKOS UNIVERSITY LIBRARY MACHAKOS UNIVERSITY LIBRARY Open shelf 06/10/2016 Donation (BFA)   RT 41 .M488 2011 26666 13/06/2019 06/10/2016 Hard Covered Materials
          MACHAKOS UNIVERSITY LIBRARY MACHAKOS UNIVERSITY LIBRARY Open shelf 26/10/2016 Donation (BFA)   RT 41 .M488 2011 25922 26/10/2016 26/10/2016 Hard Covered Materials
          MACHAKOS UNIVERSITY LIBRARY MACHAKOS UNIVERSITY LIBRARY Open shelf 14/11/2016 Donation (BFA)   RT41 .M488 2011 27673 14/11/2016 14/11/2016 Hard Covered Materials
          MACHAKOS UNIVERSITY LIBRARY MACHAKOS UNIVERSITY LIBRARY Open shelf 16/11/2016 Donation (BFA)   RT41 .M488 2011 27672 16/11/2016 16/11/2016 Hard Covered Materials
© Machakos University Library, Along The Highway, Machakos Wote Rd, Machakos, Kenya P.O. Box 136 - 90100 Machakos - Kenya

Tel: ( +254 ) 723 805829 OR Fax : 044-20353 OR Email: library@mksu.ac.ke